Vznik plodinovej burzy v Bratislave.
Snaha o odstránenie "čierneho" obchodu a o rast legitímneho obchodu s poľnohospodárskymi produktami. Spory o počte búrz v ČSR a ich rozmiestení, o pomere volených a menovaných členov burzovej rady, o charakter bratislavskej burzy.
Salvato in:
| Autore principale: | |
|---|---|
| Natura: | Capitolo di libro |
| Lingua: | slovacco |
| Soggetti: | |
| Tags: |
Nessun Tag, puoi essere il primo ad aggiungerne!!
|
MARC
| LEADER | 00000naa a2200000 4500 | ||
|---|---|---|---|
| 001 | r007870 | ||
| 005 | 20221125075801.6 | ||
| 041 | 0 | |a slo | |
| 044 | |a [CS] | ||
| 245 | 1 | 0 | |a Vznik plodinovej burzy v Bratislave. |c M. Fabricius |
| 520 | |a Snaha o odstránenie "čierneho" obchodu a o rast legitímneho obchodu s poľnohospodárskymi produktami. Spory o počte búrz v ČSR a ich rozmiestení, o pomere volených a menovaných členov burzovej rady, o charakter bratislavskej burzy. | ||
| 610 | 2 | 0 | |a burzy komoditné |
| 610 | 2 | 0 | |a výrobky poľnohospodárske |
| 610 | 2 | 0 | |a Bratislava |
| 610 | 2 | 0 | |a obchody burzové |
| 100 | 1 | |a Fabricius, M. | |